000 00806nam a2200265Ia 4500
003 OSt
005 20220918171409.0
006 a|||||r|||| 00| 0
007 ta
008 220917b |||||||| |||| 00| 0 eng d
020 _a9781614517795 (hbk)
_c6737.63
024 _a286,292
037 _b939/14-15, 20/03/2015, Capital Books Pvt. Ltd.
_cTextual
040 _aARTS
_cARTS
_beng
041 _2eng
_aeng
082 _aP:3, Q4
100 _aAbe Jun
_936338
245 0 _aMovement theory of anaphora
260 _aBerlin
_bWalter de Gruyter U.S.A.
_c2014
300 _aviii, 215p.
_ccm.
490 _aStudies in generative grammar; Vol. 120
650 _aLINGUISTICS
942 _hP:3, Q4
_cTEXL
_2CC
999 _c139393
_d139393